Guide to the Close Corporations Act and Regulations (Record no. 279)

MARC details
000 -LEADER
fixed length control field 00490nam a22001577a 4500
005 - DATE AND TIME OF INPUT
control field 20240115073944.0
008 - DATA ELEMENTS--GENERAL INFORMATION
fixed length control field 231103b |||||||| |||| 00| 0 eng d
041 ## - LANGUAGE CODE
Language code of text English
082 ## - SHELF NUMBER
DDC number 346.6 GEA
100 ## - MAIN AUTHOR
Main author's name Geach, WD
Language of a work English
245 ## - TITLE STATEMENT
Title Guide to the Close Corporations Act and Regulations
Statement of responsibility, etc. WD Geach
260 ## - PUBLICATION, DISTRIBUTION, ETC.
Place of publication, distribution, etc. Cape Town :
Name of publisher, distributor, etc. Juta and Company Ltd,
Date of publication, distribution, etc. 2013
300 ## - PHYSICAL DESCRIPTION
Other physical details 1030 pages ;
Dimensions 27 cm.
650 ## - SUBJECT`
Broad subject Legal practice
Own subject terms Law
942 ## - ADDED ENTRY ELEMENTS (KOHA)
Item type Books
942 ## - ADDED ENTRY ELEMENTS (KOHA)
-- ALISON_BN_VRIES
Holdings
Source of classification or shelving scheme Volume number (bound volume or other part) Not for loan Collection code Home library Current library Shelving location Date acquired Full call number Barcode Price effective from Koha item type
Dewey Decimal Classification Volume 1   TEXT BOOKS LAW SOCIETY OF NAMIBIA LIBRARY - WINDHOEK LAW SOCIETY OF NAMIBIA LIBRARY - WINDHOEK Corporate, commercial and company law 11/03/2023 346.6 GEA LSN/1988/118 11/03/2023 Books
Dewey Decimal Classification Volume 2   TEXT BOOKS LAW SOCIETY OF NAMIBIA LIBRARY - WINDHOEK LAW SOCIETY OF NAMIBIA LIBRARY - WINDHOEK Corporate, commercial and company law 01/15/2024 346.6 GEA LSN/2004/107 01/15/2024 Books